000
00301 a2200133 4500
001
48059
040
_c
Anchieta - Aquarius
100
_a
Alencar, José de
240
1
0
_a
O que é o casamento?
_l
por
245
1
0
_a
O que é o casamento?
300
_a
108
650
4
_a
Literatura brasileira
942
_c
BK
999
_c
48059
_d
48059